| 000 | 00450nam a2200193Ia 4500 | ||
|---|---|---|---|
| 008 | 170918s9999 xx 000 0 und d | ||
| 020 | _a9780545837521 | ||
| 050 | _bD691 2010 | ||
| 100 | _aDoodler, Todd H. | ||
| 245 | _aBear in underwear / | ||
| 245 | _cTodd H. Doodler. | ||
| 260 | _aNew York : | ||
| 260 | _bScholastic, | ||
| 260 | _c2010 | ||
| 300 | _aunpaged : | ||
| 300 | _bcolored illustration ; | ||
| 300 | _c20cm. | ||
| 500 | _a20 | ||
| 999 |
_c341434 _d341434 |
||